Cyborg Cop Americký akčný film ; Réžia Sam Firstenberg ; Hrajú David Bradley, John Rhis-Davies, Alonna Shaw

Bibliographic Details
Other Authors: Firstenberg, Sam (Author of dialog), Bradley, David (uci), Rhis-Davies, John (uci), Shaw, Alonna (uci)
Format: Book
Language:Czech
Slovak
PhysicalDescription:1 videokazeta (93 min.) stereo, fareb. VHS systém PAL
Published: Brno Detva MIDO FILM MIDO Dočekal 1994 1994
Subjects:

MARC

LEADER 00000nam a2200000 a 4500
001 vtls001255273
003 SK-MaSNL
005 20260413122758.0
008 250414s1994 xo 0 cze
035 |a SNK000206105 
040 |a SNK  |b slo  |c SNK  |e AACR2 
041 0 |a slo 
044 |a xo  |c SK 
080 |a 791.43(73)(086.8)  |2 1981 
245 0 0 |a Cyborg Cop  |h Videozáznam  |b Americký akčný film ; Réžia Sam Firstenberg ; Hrajú David Bradley, John Rhis-Davies, Alonna Shaw 
260 |a Brno  |b MIDO FILM  |a Detva  |b MIDO Dočekal  |c 1994  |c 1994 
300 |a 1 videokazeta (93 min.)  |b stereo, fareb. VHS systém PAL 
500 |a Má 1 dielo. Nevhodné do 16 rokov 
655 7 |a videokazety  |2 SNK  |9 70726 
700 1 |a Firstenberg, Sam  |4 aud  |9 40452 
700 1 |a Bradley, David  |4 uci  |9 43011 
700 1 |a Rhis-Davies, John  |4 uci  |9 680852 
700 1 |a Shaw, Alonna  |4 uci  |9 680853 
852 |a Slovenská národná knižnica 
954 |a filmy dobrodružné 
999 |c 1055199  |d 1057129 
952 |t P65, <07>, [BOOK], {657}  |a SNK  |b SNK  |y PREZ  |7 0  |p 17A0160852  |o snkSVC 233  |i snkJK 522/94  |0 0  |1 0  |4 0  |d 1999-02-11  |l 0  |r 2005-01-01 00:00:00  |w 2026-02-24